000 00533cab a2200205 4500
001 WB2633-07
008 090401t1990 xxu||||| |||| 00| 0 eng d
035 _a(Sirsi) u45994
041 _aeng
245 _aDogs sniff out dry rot
260 _c1990
350 _a0
490 _aDaily Telegraph
_v20/8/90 p4
520 _aThree dogs have been successfully trained to detect the presence of dry rot in buildings.
650 _aDAMP
650 _aDEFECTS
690 _aBUILT ENVIRONMENT
942 _n0
948 _c04/03/1997
999 _c29098
_d29098